International business enviroment and management (Record no. 5645)

MARC details
000 -LEADER
fixed length control field 00547nam a2200181Ia 4500
003 - CONTROL NUMBER IDENTIFIER
control field SGT
020 ## - INTERNATIONAL STANDARD BOOK NUMBER
International Standard Book Number 9788126140497
082 ## - DEWEY DECIMAL CLASSIFICATION NUMBER
Classification number 658.15
Item number BHA
100 ## - MAIN ENTRY--PERSONAL NAME
Personal name Bhalla,V.K
245 ## - TITLE STATEMENT
Title International business enviroment and management
250 ## - EDITION STATEMENT
Edition statement 12th Ed.
260 ## - PUBLICATION, DISTRIBUTION, ETC. (IMPRINT)
Name of publisher, distributor, etc Anmol Publication
Place of publication, distribution, etc New Delhi
Year of Publication 2009
300 ## - PAGE DESCRIPTION
No. of Pages 920p.
650 ## - SUBJECT ADDED ENTRY--TOPICAL TERM
Topical term or geographic name as entry element FINANCIAL MANAGEMENT
653 ## - KEYWORDS--INDEX TERM
Keyword term INTERNATIONAL BUSINESS AN OVERVIEW, INTERNATIONAL BUSINESS THEORIES, WORLD TRADE ORGANISATION, INTERNATIONAL PRODUCTION
700 ## - ADDED ENTRY--PERSONAL NAME
Personal name Ramu,S.Shiva
942 ## - ADDED ENTRY ELEMENTS (KOHA)
Source of classification or shelving scheme Dewey Decimal Classification
Koha item type Books
Holdings
Withdrawn status Lost status Source of classification or shelving scheme Damaged status Not for loan Home library Current library Date acquired SGTU Total Checkouts Full call number Accession No. (Barcode) Date last seen Bill Date Koha item type
    Dewey Decimal Classification     SGT Engineering Library SGT Engineering Library 17/09/2013 SGTU   658.15 BHA FE6202 09/02/2015 09/02/2015 Books